000 nam a22 a 4500
999 _c487355
_d487355
003 BLK
005 20230428112129.0
008 180409b bul|||||r ||||||| ||bul||
020 _a9786192590345
040 _aBLK
041 _aBUL
_cBUL
080 _aУнгарска литература
_b821.511.141
_x-31
_z821.511.141-31
100 _aСанто, Габор Т.
_eпърви автор
_9485597
139 _aСанто, Габор Т.
_bС 18
245 _aСимфония "Европа"
_bРоман
_cГабор Т. Санто ; прев. от унг. Юлия Крумова
260 _aСофия
_bЕРГО
_c2022
_fСофия : Дайрект сървисиз
_9212573
300 _a277 с.
_c20 см
380 _aX
490 _9204002
_aМодерна европейска проза
500 _aОриг. загл.: Európa szimfónia / Gábor T. Szántó Биогр. данни за авт. отбелязани на 3-та кор.
700 _aКрумова, Юлия Георгиева
_eпрев. от унг.
_91170
852 _aЦб 315531
_bЦб
856 4 _qpdf
_i0.00
_ldisable
942 _cKNG
_n0
_09
_s1
944 _aCR
_c2022-12-15
_kВЙ
999 _d487355
999 _d487355
999 _d487355